| 000 | 01166nab a22002057a 4500 | ||
|---|---|---|---|
| 999 |
_c5883 _d5883 |
||
| 003 | OSt | ||
| 005 | 20260109024529.0 | ||
| 008 | 190514b xxu||||| |||| 00| 0 spa d | ||
| 040 | _cPJ | ||
| 100 |
_95023 _aPiccinelli, Ornela Cecilia |
||
| 245 | 1 | 3 |
_aLa estereotipia como diagnóstico. La vocación transformadora como remedio : _b¿es el Poder Judicial un garante de la no repetición? / _cOrnela Cecilia Piccinelli. |
| 300 | _ap. 138-151 | ||
| 505 | _aSumario: I. Interpelar para (des)armar.— II. Mujeres en situación de discapacidad intelectual. ¿Por qué es necesario un enfoque diferencial?— III. Estereotipos y mujeres con discapacidad.— IV. ¿Cómo operan los estereotipos en el razonamiento judicial?— V. Herramientas para denunciar y combatir los estereotipos.— VI. ¿Quién le pone voz al discurso?. | ||
| 505 | _tSi te interesa el texto, comunicate a koha@justierradelfuego.gov.ar | ||
| 650 | 0 |
_9967 _aDERECHO DE FAMILIA |
|
| 650 | 0 |
_93271 _aPERSONAS CON DISCAPACIDAD |
|
| 650 | 0 |
_9217 _aPODER JUDICIAL |
|
| 773 | 0 |
_02844 _93222 _dBuenos Aires : AbeledoPerrot, 1989- _tDerecho de familia. N° 121 - Septiembre 2025 _z18511201 |
|
| 942 |
_2udc _cANA |
||